Zníženie zastúpenia jedle bielej (Abies alba Mill.) v jedľovo-bukovom poraste a následné zmeny v jej mykoflóre

Bibliographic Details
Main Author: Mihál, Ivan, 1965- (Author)
Format: Article
Language:Slovak
PhysicalDescription:Tab. 2, lit. 15 zázn. v češ., nem., slov.
ISSN:0323-1046
Subjects:

MARC

LEADER 00000nab a2200000 a 4500
001 vtls000515559
003 SK-MaSNL
005 20260304092736.0
008 250425c1994 xo 0 slo
015 |a SNBRB19rr/mm-uuuuu 
035 |a CL0515697 
035 |a urn:nbn:sk:snk-abcve 
035 |a (urnnbn)urn:nbn:sk:snk:ar-0059qn 
035 |a (uuid)5d28a9d0-b5e7-4b7e-81b8-5f8ede48b956 
040 |a SNKBUCL  |b slo  |c SNKBUCL  |e AACR2 
041 0 |a slo 
044 |a xo  |c SK 
080 |a 630 4(437.6):630 17:582.475.2:582.28  |2 1981 
080 |a 630 17  |2 1981 
080 |a 582.475.2  |2 1981 
080 |a 582.28  |2 1981 
100 1 |a Mihál, Ivan,  |d 1965-  |4 aut  |9 27792 
245 1 0 |a Zníženie zastúpenia jedle bielej (Abies alba Mill.) v jedľovo-bukovom poraste a následné zmeny v jej mykoflóre  |c Ivan Mihál 
300 |b Tab. 2, lit. 15 zázn. v češ., nem., slov. 
650 0 7 |a jedľa biela  |2 snkbucl  |9 14924 
650 0 7 |a huby mykorízne  |2 snkbucl  |9 983049 
651 7 |a Kremnické vrchy (Slovensko : pohorie)  |2 snkbucl  |9 19876 
655 7 |a články z novín a časopisov  |2 snkbucl  |9 267496 
773 0 |t Lesnícky časopis  |g Roč. 40, č. 1 (1994), s. 75-80  |x 0323-1046 
850 |a Slovenská národná knižnica 
852 |a Slovenská národná knižnica 
954 |a odborná, vedecká literatúra pôvodná (slovenská)  |2 lita 
958 |a article2022 
958 |a OND 
958 |a NB 
958 |a RK 
958 |a EUIPO 
992 |a RBX 
999 |c 2820177  |d 2822107